00815nam a2200253 a 4500001001300000003000900013005001700022008004100039020002300080082001500103100002200118245007000140260004400210300001000254500003500264505003200299650002900331650002900360700002200389902000800411942000700419952011800426999001700544nice12345678IN_TiNIC20260116014930.0050524s1985 newa grp 000 0 eng  a0300877 c10000a232.1bPEL aPelikan, Jaroslav aJesus Through the Centuriesb His Place in the History of Culture aNew HavenbYale University Press c1985 a270p. aincludes index and biblioraphy2 aintroduction by anita desai aJesus Christ-Messiahship aChristianity And Culture1 aPelikan, Jaroslav bSRS cBK 001040708StackRoom-aHMIbHMId2007-06-18g100.00l0o232.1 PELp11001022r2007-06-18v100.00w2005-05-24yBK c17603d17603